60 Second Blitz: Asia Quiz Stats

Quiz Updated Jan 17, 2013

Challenge
Share
Tweet
Embed
Score 0/49 Timer 01:00
8 Plays Today
% Correct
China
94.7%
Japan
88.3%
India
84.9%
South Korea
74.8%
North Korea
74.4%
Russia
73.8%
Iran
69%
Iraq
68.6%
Vietnam
67.2%
Laos
66.2%
Pakistan
63.9%
Thailand
63%
Mongolia
61.3%
Indonesia
60.3%
Cambodia
56.8%
Nepal
56.6%
Israel
53%
Afghanistan
52.4%
Malaysia
50.1%
Taiwan
49.2%
Oman
49.2%
Saudi Arabia
48.6%
Yemen
48.2%
Jordan
46.6%
Myanmar
45.5%
% Correct
UAE
44.5%
Singapore
44.4%
Bhutan
44%
Syria
43.5%
Sri Lanka
43.1%
Turkey
42.7%
Philippines
42%
Bangladesh
41.1%
Lebanon
39.1%
Qatar
39%
Kuwait
37.7%
Kazakhstan
36.2%
Palestine
34.5%
Georgia
34.4%
Bahrain
31.9%
Brunei
31.6%
Uzbekistan
31.6%
Armenia
31%
Turkmenistan
30.8%
Tajikistan
28.2%
Azerbaijan
27.9%
Kyrgyzstan
25.7%
Maldives
23.8%
Timor-Leste
23.3%

You're not logged in!

Compare scores with friends on all Sporcle quizzes.
Join for Free
OR
Log In

You Might Also Like...

Show Comments

Extras

Top Quizzes Today


Score Distribution

Your Account Isn't Verified!

In order to create a playlist on Sporcle, you need to verify the email address you used during registration. Go to your Sporcle Settings to finish the process.

Report this User

Report this user for behavior that violates our Community Guidelines.

Details: